000
00329nam a2200133Ia 4500
005
20251222155057.0
008
251222s9999||||xx |||||||||||||| ||spa||
082
_a
CIE. 16
100
_a
SEBASTIANI CARRANZA. Felipe
245
0
_a
Diccionario de Matemáticas
250
_a
1ra. ed.
264
_b
Ciencia y técnica
942
_c
LIB
999
_c
37496
_d
37496